Guess The Song Via Lyrics Quiz #1 - Statistics

General Stats
  • This quiz has been taken 77 times
  • The average score is 87 of 298
Answer Stats
lyrics % Correct
I
97%
A
95%
the
83%
me
81%
an
80%
be
73%
And
69%
and
69%
to
69%
To
69%
we
69%
We
69%
in
68%
is
64%
On
64%
on
64%
so
64%
my
58%
what
58%
can
51%
for
49%
I'm
49%
of
49%
They
49%
they
49%
this
47%
that
44%
But
37%
but
37%
Some
34%
some
34%
had
32%
said
32%
oh
31%
out
31%
with
31%
life
29%
their
29%
were
29%
I'll
27%
baby
25%
free
25%
Free
25%
got
25%
come
24%
Come
24%
look
24%
think
24%
try
24%
'Cause
22%
I've
22%
every
20%
sad
19%
carry
17%
We'll
17%
we'll
17%
goes
14%
happy
14%
that's
14%
away
12%
best
12%
song
12%
thought
12%
face
10%
head
10%
Sea
10%
sea
10%
above
8%
dreams
8%
gold
8%
open
8%
sail
8%
Set
8%
tomorrow
8%
board
7%
Song Name Come Sail Away
7%
forever
7%
friends
7%
skies
7%
story
7%
Artist / Band Styx
7%
surprise
7%
waves
7%
captain
5%
course
5%
lived
5%
Lord
5%
memory
5%
missed
5%
Reflections
5%
sailing
5%
search
5%
shore
5%
Singin'
5%
somehow
5%
Virgin
5%
aboard
3%
ahead
3%
angels
3%
appeared
3%
childhood
3%
climb
3%
climbed
3%
gathering
3%
headed
3%
hope
3%
pot
3%
sang
3%
spark
3%
starship
3%
happily
2%
lads
2%
No matching quizzes found
Score Distribution
Percent of People with Each Score
Percentile by Number Answered
Your Score History
You have not taken this quiz